Регионална библиотека "Любен Каравелов" - Русе

Северни цветя (Запис номер 160985)

MARC детайли
000 -Лидер
Контролно поле с фиксирана дължина 01145nam a2200373 a 4500
003 - Код на организацията, давaща контролен номер
Контролно поле BLK
005 - Дата и час на последна редакция
Контролно поле 20250708145522.0
008 - Елементи от данни с фиксирана дължина
fixed length control field 180410b bul|||||r ||||||| ||bul||
010 ## - Наследен системен номер
LC control number KNG00168278000
040 ## - Източник на каталожния запис
Идентификатор на билиотеката - собственик на записа BLK
041 ## - Код за език
Код за езика на текст/звукозапис или на отделно заглавие Български
Код за езика КДБФ Български
072 #7 - Код за тематичната категория
Код организация bullib
Код за тематична категория К
Текст Краезнание
072 #7 - Код за тематичната категория
Код организация bullib
Код за тематична категория Я
Текст Автографи
080 ## - УДК
Текстов определител УДК Българска литература
УДК код - определител по УДК 821.163.2
УДК определител -8
УДК - код + определител 821.163.2-8
139 ## - Редно поле
Редна дума Северни цветя
Авторски знак Се - С 30
245 10 - Сведения за заглавието
Заглавие Северни цветя
Подзаглавни данни Песни и разкази : Антология
257 ## - Страна на издаване
Страна на създаване/издаване България
260 ## - Област на издателските данни
Място на издаване, разпространение и проч. Русе
Година на издаване 1920
Печатница Русе : печ. Роглев
300 ## - Физическа характеристика
Страници 80 с.
Размери/Мащаб 25 см
380 ## - Жанр
Жанр Худож. лит.
490 ## - СЕРИИ (Колекции)
Име на серия Библиотека Родна реч
№: серия Г. І, № 1
9 (RLIN) 207666
659 ## - Тематичен бюлетин
Тематичен бюлетин К
659 ## - Тематичен бюлетин
Тематичен бюлетин Я
852 ## - Местоположение
Форматна сигнатура Цб 8581
Фондова буква Основен фонд - ползва се само за читалня
852 ## - Местоположение
Форматна сигнатура К 821.163.2/С 30
856 4# - Електронен адрес и достъп
Електронен формат pdf - файл
856 4# - Електронен адрес и достъп
Електронен формат pdf - файл
999 ## - СИСТЕМНИ КОНТРОЛНИ НОМЕРА
Koha biblionumber 160985
Koha biblioitemnumber 160985
942 ## - АРТИКУЛИ
Вид на библиотечния материал Книги
Скрит в OPAC Не
Периодичен библиозапис Да
Koha issues (borrowed), all copies 2
944 ## - СЪЗДАВАНЕ И РЕДАКЦИЯ на ЗАПИСА
Създаване/Редакция Създаване
Дата на регистрацията/редакция 03.12.2014
Статус, дата на статуса Христина Везирева
Служител, извършил регистрацията/редакцията 30535
944 ## - СЪЗДАВАНЕ И РЕДАКЦИЯ на ЗАПИСА
Създаване/Редакция Редакция
Дата на регистрацията/редакция 03.12.2014
Статус, дата на статуса 03.12.2014 - от С1,Р / 03.12.2014
999 ## - СИСТЕМНИ КОНТРОЛНИ НОМЕРА
Koha biblioitemnumber 160985
999 ## - СИСТЕМНИ КОНТРОЛНИ НОМЕРА
Koha biblioitemnumber 160985
999 ## - СИСТЕМНИ КОНТРОЛНИ НОМЕРА
Koha biblioitemnumber 160985
Наличности
Код за отписване Код за изгубен артикул Източник на класификационната схема Код за повреда Коз за рестрикции Код за отдаване Артикулен № Име на библиотеката - собственик Име на библиотеката, в която се намира в момента Статус (Текущо местоположение) Дата на вписване в системата Местоположение - отдел Цена в лева Инвентарен номер Систематично азбучна сигнатура Баркод Номер на екземпляра Цена в евро Служебна бележка Служебен тип на артикула Номерация (Хронология)
  Не е изгубен Universal Decimal Classification Не е повреден без рестрикции ползва се в читалня 269119 Регионална библиотека "Любен Каравелов" Русе Регионална библиотека "Любен Каравелов" Русе Хранилище 1920-01-01 Основен фонд - ползва се само за читалня 0.15 13611/57 Цб 8581 900000081139 1 0.08 Вид: Сф Дата: 01.01.1920 Книги  
  Не е изгубен Universal Decimal Classification Не е повреден без рестрикции ползва се в читалня 269120 Регионална библиотека "Любен Каравелов" Русе Регионална библиотека "Любен Каравелов" Русе Краезнание 1920-01-01 Краезнание 0.14 8130/65 К 821.163.2/С 30 900000003702 2 0.07 Вид: Сф Дата: 01.01.1920 Дата инв: 15.11.2017 Бележки инв: К2017 Книги Автограф: От Т. Дашков
  Не е изгубен Universal Decimal Classification Не е повреден без рестрикции ползва се в читалня 269121 Регионална библиотека "Любен Каравелов" Русе Регионална библиотека "Любен Каравелов" Русе Краезнание 1920-01-01 Краезнание 0.25 16883/66 К 821.163.2/С 30 900000003703 3 0.13 Вид: Сф Дата: 01.01.1920 Дата инв: 15.11.2017 Бележки инв: К2017 Книги  
Vip Innovations Ltd, Rousse, Bulgaria 2025